000 00553nam a22001817a 4500
999 _c181481
_d181481
005 20210915154534.0
010 _aENG-129925
020 _a978-93-86720-36-8
_c999.00
035 _aEN-113457
037 _bDBAD/PUB
082 _a000
245 _aComplete guide for IBPS-CWE Clerk:
_cedited by Vasundhra
260 _bRathore
_aIndia
_c2019
270 _bGhaziabad
_e201010
_aBasement,260,Shaktikhand-III Indirapuram
_mrathorepublishers@gmail.com
300 _av.p.
_c25cm(hbk)
700 _aVasundhra
942 _2ddc
_cEN
_h000
_mCOM